| 000 | 02022nam a2200205 4500 | ||
|---|---|---|---|
| 001 | 0000010896 | ||
| 005 | 20250329165413.0 | ||
| 008 | 180709s2018 000 0 eng d | ||
| 040 |
_aCO-CtgCURN _bspa _ccoctgcurn |
||
| 082 | 0 |
_aAPH 2018 _bB453 |
|
| 100 | 1 | _aBeltran Gomez, Karina Isabel. | |
| 245 | 1 | 0 |
_aPrevalencia del intento de suicidio en la poblacion adolescente. / _cKarina Isabel Beltran Gomez. |
| 260 |
_aCartagena de Indias : _bCorporacion Universitaria Rafael Nuñez, _c2018. |
||
| 504 | _aTrabajo de grado (Atencion Prehospitalaria). Corporacion Universitaria Rafael Nuñez. Facultad de Ciencias de la salud. Atencion Prehospitalaria, 2018. | ||
| 520 | _aEsta monografia aborda la problematica del suicidio en los adolescentes. Con este trabajo se intenta realizar un acercamiento a esta problematica que en los ultimos años ha aumentado en esta poblacion. Las conductas suicidas que se reporta por investigaciones reciente son mas prevalentes en los rangos de edad entre 15 y 24 años. Es por esto que mediante esta monografia se realizara una descripcion sobre los factores que desencadenan estas conductas en los adolescentes. Para ello se realizo unas busquedas bibliograficas a cerca de la conducta suicida en adolescentes. Actualmente Colombia reporta cifras preocupantes en esta area a nivel de america latina. Desde la creacion del Sistema Nacional Integrado de Salud (en adelante SNIS) el Ministerio de Salud Publica, incorpora la perspectiva de derechos para orientar las acciones del mismo frente a esta problematica, en ella se establece ?que la proteccion a la salud es un derecho de todos los habitantes residentes en el pais? | ||
| 650 | 0 |
_aAtención prehospitalaria _vTesis y disertaciones academicas. |
|
| 856 |
_uhttps://unicurn.sharepoint.com/:b:/s/biblioteca/Ednm5WH-_7VGpzXs1f8ASKYBazxTJQMXlYQrMnGYQuQAwA?e=Dg1zkW _zClick aqui para ver el recurso en texto completo |
||
| 942 |
_2ddc _cTG _hAPH 2018 _iB453 |
||
| 999 |
_c2862 _d2862 |
||